Nyelvi emberi jogok
Elmentve itt :
| Szerző: | |
|---|---|
| Adatforrás: | Meister |
| Forrásdokumentuma: | Korunk. - 5 sz., 1992, 82-86 p. |
| Nyelv: | magyar |
| Kulcsszavak: | nemzetközi jog politikatörténet jogtudomány Recifei Nyilatkozat kisebbségi jogok nyelvvédelem nyelvhasználati jog |
| LEADER | 00523nab a2200193 i 4500 | ||
|---|---|---|---|
| 001 | bibPRO00002154 | ||
| 008 | 060524s1992 xx hun | ||
| 040 | |a Sz1 | ||
| 041 | |a hun | ||
| 100 | 2 | |a SKUTNABB-KANGAS Tove | |
| 245 | 1 | 0 | |a Nyelvi emberi jogok |c SKUTNABB-KANGAS Tove |
| 695 | |a nemzetközi jog | ||
| 695 | |a politikatörténet | ||
| 695 | |a jogtudomány | ||
| 695 | |a Recifei Nyilatkozat | ||
| 695 | |a kisebbségi jogok | ||
| 695 | |a nyelvvédelem | ||
| 695 | |a nyelvhasználati jog | ||
| 773 | 0 | |t Korunk. - |g 5 sz., 1992, 82-86 p. | |